| 000 | 00541nam a22001697a 4500 | ||
|---|---|---|---|
| 005 | 20251108165154.0 | ||
| 008 | 250721s1987 xx 000 0 ara d | ||
| 082 | 1 | 4 | _a366.1/داو |
| 100 | 1 | _aسنقرط، داود عبد العفو | |
| 245 | 1 | 0 | _aالقوى الخفية لليهودية العالمية الماسونية / |
| 264 | 1 |
_aعمان : _bدار الفرقان، _c1987. |
|
| 300 | _a206ص | ||
| 490 | 0 | _aأنباء يهوذا في الخفاء ؛ 2 | |
| 650 | 1 | 7 | _aالماسونية |
| 942 |
_2ddc _cBK |
||
| 999 |
_c21250 _d21250 |
||